|
|
|
|
| LEADER |
00806nam a22002417a 4500 |
| 001 |
AAL5839 |
| 003 |
BD-DhAAL |
| 005 |
20160113183055.0 |
| 008 |
160113s 2002ii a|||| |||| 001 0 eng d |
| 020 |
|
|
|a 817224486X
|
| 040 |
|
|
|a BD-DhAAL
|c BD-DhAAL
|
| 082 |
|
|
|a 658
|
| 245 |
|
|
|a Encyclopaedia of management Vol. 2 :
|b management development /
|
| 260 |
|
|
|a Mumbai :
|b Jaico Publishing Horse,
|c 2002.
|
| 300 |
|
|
|a xxviii, 470 p. :
|b ill. ;
|c 24 cm.
|
| 504 |
|
|
|6 Includes bibliography and index.
|
| 541 |
|
|
|e 5838
|
| 650 |
|
|
|a Management
|9 17359
|
| 650 |
|
|
|a Development management
|9 17360
|
| 700 |
|
|
|a Mumford, Alan
|9 17361
|
| 942 |
|
|
|2 ddc
|c BK
|
| 999 |
|
|
|c 36605
|d 36605
|
| 952 |
|
|
|0 0
|1 0
|2 ddc
|4 0
|6 658_000000000000000_ENC
|7 0
|9 57594
|a SCL
|b SCL
|c GEN
|d 2016-01-13
|l 0
|o 658 ENC
|p 3020005839
|r 2016-01-13
|t 1
|w 2016-01-13
|y BK
|